History Quiz

Random History or Century Quiz

'O' in History Quiz Stats

 Plays Quiz Updated Nov 30, 2018

Support Sporcle.
Go Orange.
Score 0/20 Timer 05:00
11 Plays Today
Question Answer % Correct
Which U.S. President won the Nobel Peace Prize in 2009?Barack Obama
96.5%
Which English university did some academics flee after a dispute in 1209?Oxford
95.1%
The first of which modern sporting event was held in Athens in 1896?Olympic Games
94.8%
Which empire reached the height of its power under Suleiman the Magnificent?Ottoman Empire
90%
Which epic poem, written by Homer, is sequel to the Iliad?Odyssey
85.3%
Which group, founded in 1960, consists of the world's primary oil-producing nations?OPEC
76.7%
Who was the chief god in Norse mythology?Odin
74.6%
Which series of wars arose due to British smuggling of drugs into China in the 19th century?Opium Wars
74.1%
Which black athlete famously won four gold medals at the 1936 Olympic Games?Jesse Owens
72.5%
What did Frank Sherwood and Mario Molina warn CFCs were damaging in 1974?Ozone Layer
70.6%
Question Answer % Correct
Of which Egyptian structure is Cleopatra's Needle an example?Obelisk
63.8%
Which physicist is known as 'The Father of the Atomic Bomb?'J. Robert Oppenheimer
60.4%
In Egyptian mythology, who was the god of the underworld?Osiris
56.8%
Which French city was witness to Joan of Arc's first major military victory?Orleans
55.5%
What name was given to the 2,000 mile route between Missouri and the west coast of America?Oregon Trail
53.6%
Which U.S. supreme court justice was the first woman appointed to the court?Sandra Day O'Connor
50.1%
Which Roman poet is best known for his narrative epic 'Metamorphoses'?Ovid
43.9%
Which British author was born Eric Arthur Blair in 1903?George Orwell
42.3%
Which Mesoamerican civilisation flourished between 1500-400 B.C?Olmec
27.9%
Which court, adjacent to Newgate Prison, carried out over 100,000 trials from 1674-1834?Old Bailey
22.7%

From the Vault

Capitally Conjoined Countries

by MSUKent

The only thing connecting these countries is the way they're spelled, but we can pretend they're like conjoined twins.
Remove Ads.
Support Sporcle.
Get the best of Sporcle when you Go Orange. This ad-free experience offers more features, more stats, and more fun while also helping to support Sporcle. Thank you for becoming a member.

Show Comments

Extras

Top Quizzes Today


Score Distribution

Your Account Isn't Verified!

In order to create a playlist on Sporcle, you need to verify the email address you used during registration. Go to your Sporcle Settings to finish the process.

Report this User

Report this user for behavior that violates our Community Guidelines.

Details: